00323nam a2200121Ia 4500008004100000082001800041100001700059245002600076260004100102365000600143630002600149730002600175100415s9999 xx 000 0 und d b11501a599.05 aMoss,cynthia aPortraits In The Wild aCHICAGOc1975bUNIVERSITY OF CHICAGO b0 aPortraits In The Wild aPortraits In The Wild